Carregant...
Feminisms: an anthology of literary theory and criticism/
| Altres autors: | , |
|---|---|
| Idioma: | English |
| Publicat: |
Macmillan press ltd,
1997.
|
| Matèries: |
| LEADER | 00482nam a22001577a 4500 | ||
|---|---|---|---|
| 008 | 191029b ||||| |||| 00| 0 eng d | ||
| 999 | |c 344258 |d 344258 | ||
| 020 | |a 0333690990 | ||
| 082 | |a 809.89287 | ||
| 245 | |a Feminisms: |b an anthology of literary theory and criticism/ |c Edited by Robyn R.Warhol and Diane Price herndl | ||
| 260 | |b Macmillan press ltd, |c 1997. | ||
| 300 | |b 1207p. | ||
| 650 | 0 | |a Feminism | |
| 700 | |a Warhol,Robyn R. |e Editor | ||
| 700 | |a Herndi,Diane Price |e Editor | ||
| 942 | |c BK | ||